| 000 | 01023cam a22003377a 4500 | ||
|---|---|---|---|
| 003 | CHAP | ||
| 005 | 20220329140224.0 | ||
| 008 | 971013s1908 r 00010 d | ||
| 010 | _a48763 | ||
| 011 | _a49735 | ||
| 035 | _a53885 | ||
| 040 | _cCHAP | ||
| 090 | _aFolleto 6013 | ||
| 100 | 0 | 0 |
_aRiquelme Inda, Julio. _997503 |
| 245 | 1 | 3 | _aLa cucaracha de las casas |
| 260 |
_aMéxico, D. F. : _bEstación Agrícola Central, _c1908 |
||
| 300 |
_a16 p. _b: ilus. |
||
| 490 | 0 |
_aBoletín _v; 7 |
|
| 590 |
_aBATCH-UPD _b10 _c20130110 _lUCH01 _h0245 |
||
| 590 |
_aBATCH-UPD _b10 _c20130110 _lUCH01 _h1703 |
||
| 590 |
_aBATCH-UPD _b10 _c20130409 _lUCH01 _h2314 |
||
| 590 |
_aBATCH-UPD _b10 _c20130410 _lUCH01 _h1442 |
||
| 590 |
_aBATCH-UPD _b10 _c20130914 _lUCH01 _h0651 |
||
| 590 |
_aCONVERSION _b10 _c20130109 _lUCH01 _h1327 |
||
| 650 | 1 | 4 |
_aCucarachas. _929990 |
| 650 | 1 | 4 |
_aPlagas domésticas. _988638 |
| 830 | 0 |
_aBoletín _v; 7 _913507 |
|
| 901 | _aBK | ||
| 942 | _cFOLL | ||
| 949 |
_aFolleto 6013 _bBC _cBPP _d-119221 _eBPP _i53885 _si |
||
| 999 |
_c48763 _d48763 |
||